Dr. Martin Luther's reformations-historische deutsche Schriften. (Record no. 158272)
[ view plain ]
| 000 -LEADER | |
|---|---|
| campo de control de longitud fija | 00838nam a22002295i 4500 |
| 001 - NÚMERO DE CONTROL | |
| campo de control | 158272 |
| 003 - IDENTIFICADOR DE NÚMERO DE CONTROL | |
| campo de control | ES-MaACL |
| 005 - FECHA Y HORA DE LA ÚLTIMA TRANSACCIÓN | |
| campo de control | 20230906211101.0 |
| 008 - DATOS DE LONGITUD FIJA--INFORMACIÓN GENERAL | |
| campo de control de longitud fija | 040826m18831885gw |||| | ger d |
| 040 ## - FUENTE DE CATALOGACIÓN | |
| Centro catalogador/agencia de origen | CAM |
| Lengua de catalogación | spa |
| Centro/agencia transcriptor | CAM |
| 100 1# - ENTRADA PRINCIPAL--NOMBRE DE PERSONA | |
| Nombre de persona | Luther, Martin. |
| 9 (RLIN) | 74872 |
| 245 10 - MENCIÓN DEL TÍTULO | |
| Título | Dr. Martin Luther's reformations-historische deutsche Schriften. |
| 250 ## - MENCION DE EDICION | |
| Mención de edición | 2. Aufl. |
| 260 ## - PUBLICACIÓN, DISTRIBUCIÓN, ETC. | |
| Lugar de publicación, distribución, etc. | Frankfurt am Main : |
| Nombre del editor, distribuidor, etc. | Schristenniederlage des Evangelischen Vereins, |
| Fecha de publicación, distribución, etc. | 1883-1885. |
| 300 ## - DESCRIPCIÓN FÍSICA | |
| Extensión | 3 v. ; |
| Dimensiones | 18 cm. |
| 490 1# - MENCIÓN DE SERIE | |
| Mención de serie | Dr. Martin Luther's sämmtliche Werke ; |
| Designación de volumen o secuencia | 24-26 |
| 598 ## - NOTA LOCAL | |
| Nota local | En las cub. consta la serie: "Dr. Martin Luther's deutsche Schriften" |
| 752 ## - ENTRADA AGREGADA--NOMBRE JERÁRQUICO DEL LUGAR | |
| País o entidad superior | Alemania - |
| Ciudad | Frankfurt |
| 830 0# - PUNTO DE ACCESO ADICIONAL DE SERIE-TÍTULO UNIFORME | |
| Título uniforme | Dr. Martin Luther's sämmtliche Werke ; |
| Designación de volumen o secuencia | 24-26 |
| 9 (RLIN) | 188149 |
| 852 ## - LOCALIZACIÓN | |
| Ubicación | ES-MaACL |
| Número de control de estantería | C-1302-1304 |
| Nota libre | -- Enc. editorial en tela |
| Estatus retirado | Estado de pérdida | Estado de daño | No para préstamo | Colección | Biblioteca de origen | Biblioteca actual | Ubicación en estantería | Fecha de adquisición | Fuente de adquisición | Total de préstamos | Signatura topográfica completa | Código de barras | Visto por última vez | Precio de reemplazo | Tipo de ítem Koha |
|---|---|---|---|---|---|---|---|---|---|---|---|---|---|---|---|
| Libros del s. XIX | Biblioteca del Ateneo de Madrid | Biblioteca del Ateneo de Madrid | Sala Palomar | 17/01/2008 | C-1302-1304 | 1165648 | 23/02/2023 | 23/02/2023 | Libro impreso antiguo |
